00836nam a2200217 a 450000100100000000500170001000800410002702000150006804000250008310000270010824501140013526000380024930000200028749000210030750000370032850000340036550000690039983000280046895201050049699900170060100004328120201002040803.0140304s1993 sp 001 0 spa d a8478803033 aDO-SdBNPbspacBNPHU1 aRueda, Fernando97090113aLa Casa :bEl CESID: agentes, operaciones secretas y actividades de los espias españoles /cFernando Rueda. aEspaña, :bTemas de hoy,c1993. a39 p. ;c23 cm.1 aGrandes temasv8 aIncluye notas a pie de páginas aIncluye índice onomástico aIncluye datos biografícos del autor en la solapa de la portada 0aGrandes temasn8970902 001050718MOaGRbGRcCTd2014-03-04iLF1l0o p43281-10r2020-06-25w2020-06-25y1ZNo se presta c42770d42770